D Ioannis Gutierrez ... Repetitiones sex et quatourdecim iuris allegationes (Registro nro. 78815)

Detalles MARC
000 -ENCABEZADO
Número de control [NR] 01778nam a2200337Ia 4500
008 - DE LONGITUD FIJA DE DATOS DE ELEMENTOS - INFORMACIÓN GENERAL
Elementos de longitud fija [NR] 130821s1592 sp a gr lat
040 ## - FUENTE DE CATALOGACION [NR]
Agencia de catalogación original [NR] Co-BoUCM
Idioma de catalogación [NR] spa
041 0# - CODIGO DE IDIOMA [R]
Código de idioma para texto/pista de sonido o título separado [R] Latín
092 ## - SIGNATURA TOPOGRAFICA LOCAL
Número de clasificación local E16N050
100 1# - ASIENTO PRINCIPAL--NOMBRE PERSONAL [NR]
Nombre personal [NR] Gutiérrez, Juan
Fechas asociadas con el nombre [NR] d. 1618
242 10 - TRADUCCION DEL TITULO POR LA AGENCIA CATALOGADORA [R]
Título [NR] Seis lecciones y catorce alegatos sobre temas jurídicos
Mención de responsabilidad, etc. [NR] Juan Gutierrez
Código de idioma del título traducido [NR] spa
245 10 - MENCION DE TITULO [NR]
Título [NR] D Ioannis Gutierrez ... Repetitiones sex et quatourdecim iuris allegationes
246 13 - FORMA VARIANTE DEL TITULO [R]
Título propiamente dicho/forma breve del título [NR] [Seis lecciones y catorce alegatos sobre temas jurídicos]
250 ## - MENCION DE EDICION [NR]
Mención de edición [NR] Segunda [2a ed.]
Resto de la mención de edición [NR] hac editione [revisada y ampliada por el mismo autor]
260 ## - PUBLICACION, DISTRIBUCION, ETC. (PIE DE IMPRENTA) [R]
Lugar de publicación, distribución, etc. [R] Salamanca (España)
Nombre del editor, distribuidor, etc. [R] excudebat Didacus Cusuius [Diego Cusio]
Fecha de publicación, distribución, etc. [R] 1592
300 ## - DESCRIPCION FISICA [R]
Extensión [R] [4], 432, [47] páginas
Otros detalles físicos [NR] ilustraciones
500 ## - NOTA GENERAL [R]
Nota general [NR] Detalles físicos: Encuadernación en pergamino, con piel bastante arrugada y manchada, visible deterioro en parte superior del lomo y en algunos bordes. Conserva guardas, portada impresa a una sola tinta con un grabado (escudo real de España). Pr
504 ## - NOTA DE BIBLIOGRAFIA, ETC. [R]
Nota de bibliografía, etc. [NR]
505 0# - NOTA DE CONTENIDO CON FORMATO PREESTABLECIDO [R]
Nota de contenido con formato preestablecido [NR] Seis lecciones y catorce alegatos sobre diferentes temas de derecho civil y de derecho eclesiástico.
506 ## - NOTA DE RESTRICCIONES DE ACCESO [R]
Condiciones de acceso [NR] Consulta en sala.
546 ## - NOTA DE IDIOMA [R]
Nota de idioma [NR] Texto en latín
650 ## - ASIENTO SECUNDARIO DE MATERIA - TERMINO TEMATICO [R]
Término temático o nombre geográfico como elemento de entrada [NR] Alegatos (Derecho)
Subdivisión geográfica [R] España
Subdivisión cronológica [R] Siglo xvi
650 ## - ASIENTO SECUNDARIO DE MATERIA - TERMINO TEMATICO [R]
Término temático o nombre geográfico como elemento de entrada [NR] Derecho civil
9 (RLIN) 12711
650 ## - ASIENTO SECUNDARIO DE MATERIA - TERMINO TEMATICO [R]
Término temático o nombre geográfico como elemento de entrada [NR] Derecho civil
Subdivisión geográfica [R] España
Subdivisión general [R] Obras anteriores a 1600
9 (RLIN) 12711
650 ## - ASIENTO SECUNDARIO DE MATERIA - TERMINO TEMATICO [R]
Término temático o nombre geográfico como elemento de entrada [NR] Derecho eclesiástico
Subdivisión geográfica [R] España
Subdivisión general [R] Obras anteriores a 1600
9 (RLIN) 12757
700 1# - ASIENTO SECUNDARIO - NOMBRE PERSONAL [R]
Nombre personal [NR] Cosio, Diego
700 1# - ASIENTO SECUNDARIO - NOMBRE PERSONAL [R]
Nombre personal [NR] Parente, Octaviano
856 41 - LOCALIZACION Y ACCESO ELECTRONICOS [R]
Nota dirigida al público [R] Disponible en línea
Identificador Uniforme del Recurso (“URI”) [R] <a href="http://books.google.com.co/books?id=vDjYrT6oXtsC&pg=PR6&dq=Repeticiones+sex+1592&hl=es&sa=X&ei=TRssT7lHh9yIAuHb8MMK&redir_esc=y#v=onepage&q&f=false">http://books.google.com.co/books?id=vDjYrT6oXtsC&pg=PR6&dq=Repeticiones+sex+1592&hl=es&sa=X&ei=TRssT7lHh9yIAuHb8MMK&redir_esc=y#v=onepage&q&f=false</a>
942 ## - ELEMENTOS DE ENTRADA AGREGADOS (KOHA)
Tipo de ítem principal el descrito en 300a Libro
Tema principal Derecho
Edición 2
Sistema de clasificación DEWEY
Clasificación 346.946
Existencias
Total préstamos Código de barras Última vez visto Volúmen / Fascículo Ejemplar Price effective from Tipo de ítem Perdido Sistema de clasificación Dañado No prestable Tipo de ítem específico Suprimido Ubicación habitual Ubicación actual Localización Fecha de creación Forma de adquisición Costo
  L002512 15/12/2012 E16N050 Ej.1 03/02/2013 Libro   DEWEY     Libro archivo     Archivo Histórico Archivo histórico 28/02/2014 Donación 0.00